| 000 | 00980nam a22002657i 4500 | ||
|---|---|---|---|
| 999 |
_c22779 _d22779 |
||
| 003 | AR-CdUCM | ||
| 008 | 240305b20202020pe ||||| |||| 00| 0 spa d | ||
| 020 | _a978-612-5001-30-6 | ||
| 040 |
_aMUNICIPALIDAD PROVINCIAL DEL CUSCO _cBIBLIOTECA MUNICIPAL DEL CUSCO |
||
| 041 | _hspa | ||
| 082 |
_a869.56 / V468T _bV468T |
||
| 100 |
_aVentura Valle, Mantaro _930466 |
||
| 245 | _aTúpac el Eterno Amaru / | ||
| 260 |
_aSan Sebastián-Cusco : _bRepresentaciones Generales y Servicios Americanos S.C.R.L., _c2020 |
||
| 300 |
_a182 páginas. : _c21 cm. |
||
| 505 | _aRecordando desde la eternidad -- Forjando el futuro -- Compañera de la libertad -- El hijo del sol -- Mártires de la revolución. | ||
| 650 |
_aOmbligo del mundo _937155 |
||
| 650 |
_aRevolución _949413 |
||
| 650 |
_aSangarará _934555 |
||
| 650 |
_aMicaela Bastidas _949414 |
||
| 650 |
_aMorada de los dioses _949415 |
||
| 856 | _fwww.editorialregesa.com | ||
| 942 |
_2ddc _cLIBROS |
||
| 945 |
_apbj _d05-03-2024 |
||